| 000 | 00937nam a2200229Ia 4500 | ||
|---|---|---|---|
| 001 | L239-11297 | ||
| 003 | IT-CnALBA | ||
| 008 | 170116s9999||||xx |||||||||||||| ||und|| | ||
| 040 |
_aIT-CnALBA _cIT-CnALBA |
||
| 041 | _aITALIANO | ||
| 100 | _aFELICI ICILIO, SAC. | ||
| 245 | 0 | _aIL PAPA, LA GUERRA E LA PACE. | |
| 250 | _a1a ed. | ||
| 260 |
_a TO BO CT PA _bSOCIETÀ ED. INTER. _c1944 [1° Ed.:1944 - Ed.Ling.Originale: 1944] |
||
| 300 | _a62 p. (prefazione: 3) | ||
| 500 | _aORDINE NUOVO. IL PAPA. NATALE 1939. NATALE 1940. ALBA E LUCE. MESSAGGIO SOCIALE. PIETRE MILIARI. DAL 1942 AD OGGI. | ||
| 501 | _aSocietà San Paolo EM - Piazza San Paolo, 14 - 12051 ALBA (CN) (non commercial uses only) ® Copyright 2017 | ||
| 520 | _aORDINE NUOVO. IL PAPA. NATALE 1939. NATALE 1940. ALBA E LUCE. MESSAGGIO SOCIALE. PIETRE MILIARI. DAL 1942 AD OGGI. | ||
| 650 | _aAPOLOGETICA E CONTROVERSIE | ||
| 942 | _cBK | ||
| 957 | _71 | ||
| 999 |
_a16050 _bSI _g Copie: 1 _c270474 _d270474 |
||